Państwa Wielkich Jezior Afrykańskich z pustą mapą - Statystyki

Ogólne statystyki
  • Ten quiz został rozwiązany 298 razy
  • Średni wynik to 9 z 10
Odpowiedzi na mapie
Odpowiedzi zakodowano w zielono-czerwonej skali na mapie do tego quizu, zgodnie z poniższymi procentami.
 
Statystyki odpowiedzi
Państwo % Poprawnych
Demokratyczna Republika Konga
98%
Etiopia
94%
Kenia
94%
Mozambik
93%
Uganda
92%
Tanzania
90%
Zambia
90%
Malawi
87%
Rwanda
86%
Burundi
82%
Nie znaleziono quizów pasujących do podanych kryteriów
Rozkład punktacji
Procent ludzi z każdym wynikiem
Percentyl według liczby udzielonych odpowiedzi
Twoja historia wyników
Nie rozwiązałeś tego quizu